If It Were a Country... Quiz Stats

Quiz Updated Aug 7, 2014

Challenge
Share
Tweet
Embed
Score 0/24 Timer 07:00
4 Plays Today
If it was a sovereign nation... Non-nation % Correct
...the bank that bears its name could keep printing money in Edinburgh.Scotland
86.3%
...the Dalai Lama could return to Potala Palace.Tibet
73.8%
...Vancouver would be the second largest city in Canada.Quebec
71.1%
...its capital would not move and it would contain the entirety of Hadrian's Wall.England
68.5%
...it might rename itself the Republic of Ulster.Northern Ireland
64.3%
...it would be the 12th largest in the world by land area, between the DRC (11th) and Saudi Arabia (13th).Greenland
64.1%
...its football team still wouldn't have qualified for the World Cup since 1958.Wales
57.2%
...it would be independent for the first time since 1846 and would be the 4th largest nation in N. America.Texas
56.9%
...it would be ruled from Parliament House in Hobart.Tasmania
50.5%
...it would replace its neighbor Suriname as the smallest country in South America.French Guiana
47.4%
...Spain would no longer border Andorra.Catalonia
46.4%
...it would include the three largest cities in what is currently the Netherlands.Holland
45.2%
If it was a sovereign nation... Non-nation % Correct
...its anthem would be La Borinqueña, utilizing the Taino name for the island.Puerto Rico
33.8%
...the city of Nicosia would be officially split in two.Northern Cyprus
33.4%
...it would apply for U.N. membership under the name Sahrawi Arab Democratic Republic.Western Sahara
31.2%
...its highest point would be Tai Mo Shan.Hong Kong
24%
...its capital would be the city that translates, literally, to 'Orange Town.'Aruba
20%
...Queen Elizabeth II would no longer be its head of state and New Zealand would no longer handle its diplomatic relations.Niue
19.6%
...the Roki Tunnel would be the only road connecting it to its northern counterpart in the Russian Federation.South Ossetia
19.5%
...it would reduce Georgia's coastline by over 50%.Abkhazia
18.5%
...Moldova would control only one bank of the Dniestr River.Transnistria
17.3%
...it would account for nearly the entire southern border of the Gulf of Aden.Somaliland
14.6%
...it would be 640 miles away from any other country.Bermuda
12.3%
...it would be bordered, along half its island, by France.St. Maarten
11.3%

You're not logged in!

Compare scores with friends on all Sporcle quizzes.
Join for Free
OR
Log In

You Might Also Like...

Show Comments

Extras

Top Quizzes Today


Score Distribution

Your Account Isn't Verified!

In order to create a playlist on Sporcle, you need to verify the email address you used during registration. Go to your Sporcle Settings to finish the process.

Report this User

Report this user for behavior that violates our Community Guidelines.

Details: